000 00631nam a2200277Ia 4500
005 20260324150820.0
008 008 260324s9999 xx 000 0 eng d
020 _a9780429059148
037 _aEBOOK
040 _aCRL
040 _beng
040 _cCRL
041 _2eng
041 _aeng
084 _qCRL
100 _aAlfred H. Barr, Jr.
_91227712
245 0 _aCubism and Abstract Art
260 _bTaylor and Francis
260 _c1936
365 _a
365 _b180
856 _uhttp://www.taylorfrancis.com/books/9780429059148
942 _cEBOOK
999 _c1837840
_d1837840